000 00286nam a22001217a 4500
008 170816b xxu||||| |||| 00| 0 eng d
041 _aeng
080 _22ND
_a51
100 _a36
101 _aMAT
245 _aMODERN MATHEMATICS:AN ELEMENTARY APPROACH
_cWHEELER,R.E
942 _2udc
_cBK
999 _c23706
_d23706